000 01507cam a22004094i 4500
003 PE-LiUPU
005 20250731184059.0
008 170814s2009 sp a r 000 0 eng d
020 _a9872095167
020 _a9789872095161
035 _a(Sirsi) a238284
040 _aPE-LiUPU
_bspa
_cPE-LiUPU
_erda
049 _aPRUA
082 0 4 _a813
_bR24
_220
100 1 _aRan, Ayn,
_eautor.
245 1 3 _aEl manantial /
_cAyn Rand.
250 _aTercera edición.
264 1 _aBuenos Aires :
_bGrito Sagrado,
_c2009.
300 _a756 páginas :
_bilustraciones ;
_c18 centímetros.
336 _atext
_2rdacontent
337 _aunmediated
_2rdamedia
338 _avolume
_2rdacarrier
490 0 _aColección Pocket
505 0 _aPeter keating -- Ellsworth M. Toohey -- Gail Wynand -- Howard roark.
526 _aP145
526 _aP127
526 _aP97
526 _aP14
526 _aP07
650 0 4 _aArquitectura
_vFicción.
910 _ajck
_bncf
_cncf
_d20170815
942 _2ddc
_cBOOK
949 _a813 R24
_wDEWEY
_c1
_i76804
_lCCODEBUL1
_mBUL
_p38.53
_r0
_sY
_tBOOK
_u2017-08-15
_xINGENIERIA
_PP06
_0COMPRA
_o.STAFF. Colección Ingenieria y Arquitectura
596 _a1
999 _a813 R24
_wDEWEY
_c24984
_i76804
_d24984
_f2021-11-10
_g4
_lCCODEBUL1
_mBUL
_p38.53
_q2
_r0
_sY
_tBOOK
_u2017-8-15
_xINGENIERIA
_PP06
_0COMPRA
_o.STAFF. Colección Ingeniería y Arquitectura
980 _81
_gALBERTO SANCHEZ Responsable de Automatización